Top 15 dei paesi con decessi Covid-19 - 22 settembre 2021 - Statistics

Statistiche generali
  • Questo quiz è stato fatto 4 volte
  • Il punteggio medio è 12 su 25
Statistiche sulle risposte
paese % Corretto
Germania
100%
Italia
100%
Stati Uniti
100%
Argentina
67%
Brasile
67%
Francia
67%
India
67%
Messico
67%
Perù
67%
Regno Unito
67%
Russia
67%
Bosnia ed Erzegovina
33%
Bulgaria
33%
Cechia
33%
Colombia
33%
Indonesia
33%
Iran
33%
Paraguay
33%
Slovacchia
33%
Slovenia
33%
Sudafrica
33%
Belgio
0%
Georgia
0%
Macedonia del Nord
0%
Ungheria
0%
Nessun quiz corrispondente trovato
Distribuzione punteggi
Percentuale di utenti per punteggio
Percentile per numero di risposta
I tuoi punteggi nel tempo
Non hai fatto questo quiz